[Event "Northumbria Masters 2018"]
[Site "Newcastle upon Tyne"]
[Date "2018.02.18"]
[Round "9"]
[White "Eggleston, David J"]
[Black "Plat, Vojtech"]
[Result "1/2-1/2"]
[WhiteElo "2409"]
[BlackElo "2560"]
[Annotator "TA"]
[PlyCount "124"]
[EventDate "2018.??.??"]
[EventCountry "ENG"]
[SourceTitle "playchess.com"]
[Source "ChessBase"]
[SourceQuality "1"]

{[%evp 12,124,35,25,28,26,68,72,67,65,62,66,65,59,55,45,51,41,76,70,87,83,85,0,36,23,15,0,12,15,71,76,87,11,48,16,36,34,26,0,0,-9,-25,-45,-3,-72,0,-56,-51,-58,-31,-104,0,-10,20,25,182,172,173,138,437,427,310,89,92,92,99,107,102,89,87,18,32,0,0,0,0,0,73,73,73,73,73,73,73,73,73,73,73,73,73,37,121,13,156,13,27,8,8,8,8,8,8,8,13,14,21,8,8,8,8,8,8,8,8]} 1. e4 d6 2. d4 Nf6 3. Nc3 e5 4. Nf3 Nbd7 5. Bc4 Be7 6. O-O O-O 7. Re1 Nb6 {C41: Philidor Defence} (7... c6 8. a4 a5 9. h3 Re8 10. Ba2 Bf8 11. Be3 Qc7 12. Ng5 Re7 13. f4 b6 14. fxe5 dxe5 15. d5 cxd5 16. exd5 {1-0 (16) Wang,H (2709)-Ivanchuk,V (2726) Huaian 2017}) 8. Bf1 Nfd7 9. a4 a5 {White is better.} 10. b3 $146 ({Predecessor:} 10. Be3 Bf6 11. Qd2 Re8 12. Rad1 exd4 13. Bxd4 Bxd4 14. Qxd4 Nc5 15. h3 {1-0 (50) Ameir,M (2287)-Drazic,S (2441) Al Ain 2013}) 10... exd4 11. Nxd4 Nc5 12. Bb2 Bf6 13. g3 Re8 14. Bg2 c6 15. Qd2 Na6 16. Rad1 Nb4 {Strongly threatening ...Bxd4.} 17. Nf3 (17. Nce2 $16) 17... Be6 18. Re2 d5 19. e5 Be7 20. Nd4 Bc8 (20... Bg4 $11) 21. Rde1 $16 c5 22. Ndb5 (22. e6 $16 cxd4 23. exf7+ Kxf7 24. Nb5) 22... Bf5 23. Qd1 Qd7 24. Rd2 {[%cal Rg2d5]} Rad8 $1 25. Ne4 {Threatens to win with Ned6.} Qc6 $1 $36 {[%mdl 2048] Black fights for an advantage.} 26. Nec3 (26. Ned6 $5 {[%cal Rd6f5]} Bxc2 27. Rxc2 Nxc2 28. Re2 (28. Qxc2 Bxd6 29. Bc3 Bb8 $17) 28... Bxd6 29. Nxd6 $11) 26... Qg6 {[%cal Rf5c2]} 27. Na3 {[%cal Rg2d5]} Bg4 28. f3 (28. Qc1 $11) 28... Be6 (28... Bf5 $1 $17) 29. Ne2 (29. Ncb5 $11) 29... Qh6 $15 30. c3 Nc6 (30... d4 $5 31. c4 Bf5 $15) 31. f4 (31. Bc1 $15) 31... f6 (31... Bg4 $17 32. Qc1 c4 33. bxc4 Bc5+ 34. Nd4 dxc4) 32. exf6 $11 Bxf6 33. Nb5 Re7 $2 (33... Qh5 $11) 34. Ba3 $1 $18 {[%cal Ra3c5]} Nd7 35. Nc7 Bf7 $2 {[%mdl 8192]} (35... Bg4 $16 {was called for.}) 36. Nxd5 Ree8 37. Nxf6+ $2 (37. Nc7 $18 {is more deadly.}) 37... Nxf6 $16 38. Bxc5 {Black must now prevent Rxd8.} Rxd2 39. Qxd2 {Hoping for Nd4.} Qh5 40. Bd4 (40. Bf2 {is more complex.} Bxb3 41. Nd4 Rxe1+ 42. Qxe1 Bxa4 43. Qe6+) 40... Bxb3 {[#]} 41. Bxf6 ({White should try} 41. h3 $1 $16) 41... gxf6 $11 42. Nd4 (42. Kf2 {feels hotter.} Qc5+ 43. Nd4 Rxe1 44. Kxe1 Bxa4 45. Qa2+) 42... Rxe1+ 43. Qxe1 Nxd4 44. cxd4 Qd1 (44... Bxa4 $11 {remains equal.} 45. Qe6+ (45. Bxb7 Bd7 $14) 45... Kg7) 45. Qxd1 $16 Bxd1 46. Bxb7 Bxa4 {[%mdl 4096] Endgame [#] KB-KB} 47. Bd5+ $1 Kf8 48. Kf2 Bd7 49. Ke3 Ke7 50. Kd3 Kd6 51. Bf3 Be6 (51... a4 $14) 52. g4 (52. Kc3 $16) 52... h6 (52... a4 $1 $11 {keeps the balance.}) 53. h4 (53. Kc3 $16) 53... a4 $1 $11 54. g5 fxg5 {The position is equal.} 55. hxg5 hxg5 56. fxg5 a3 57. Kc3 Ke7 58. Be4 Kf7 (58... Bc4 $5) 59. d5 Bxd5 60. Bxd5+ Kg6 61. Kb3 a2 62. Kxa2 Kxg5 {Precision: White = 40%, Black = 38%.} 1/2-1/2

[Event "Northumbria Masters 2018"]
[Site "Newcastle upon Tyne"]
[Date "2018.02.18"]
[Round "9"]
[White "Percivaldi, Martin"]
[Black "Tan, Justin"]
[Result "1-0"]
[WhiteElo "2395"]
[BlackElo "2479"]
[Annotator "TA"]
[PlyCount "85"]
[EventDate "2018.??.??"]
[EventCountry "ENG"]
[SourceTitle "playchess.com"]
[Source "ChessBase"]
[SourceQuality "1"]

{[%evp 12,85,33,43,54,47,56,56,100,100,104,61,65,52,58,40,155,83,91,93,108,113,143,85,80,91,98,91,93,97,116,120,123,88,174,175,184,149,168,163,163,156,166,148,152,152,162,159,233,219,268,141,126,134,237,233,335,357,352,354,357,346,266,352,345,341,344,345,339,334,331,323,329,322,372,360]} 1. Nf3 e6 2. g3 b5 3. Bg2 Bb7 4. O-O Nf6 5. d3 d6 (5... d5 6. c4 a6 7. cxd5 Nxd5 8. a4 Nd7 9. axb5 axb5 10. Rxa8 Qxa8 11. e4 N5f6 12. Nc3 c6 13. h3 Be7 14. Be3 {1-0 (69) Sjugirov,S (2652)-Esipenko,A (2571) Taganrog 2018}) 6. Na3 {A05: Réti Opening: 1 Nf3 Nf6} a6 7. c4 {LiveBook: 3 Games} bxc4 $146 ({Predecessor:} 7... b4 8. Nc2 c5 9. d4 Be7 10. a3 a5 11. axb4 axb4 12. Rxa8 Bxa8 13. b3 {½-½ (47) Tan,Z (2496)-Saduakassova,D (2428) Doha 2016}) 8. Nxc4 {White is slightly better.} c5 9. Bd2 Nbd7 10. Na5 Rb8 11. Nxb7 Rxb7 12. Rb1 d5 13. Qa4 Qb6 ({Black should try} 13... Bd6 $14) 14. e4 (14. b4 $142 $1) 14... dxe4 $16 15. dxe4 Qb5 16. Qc2 Rc7 17. e5 (17. Rfd1 $142) 17... Nd5 18. Qe4 g6 19. Rfe1 Bg7 20. h4 {[%cal Bh2h4,Bh4h5][%mdl 32]} c4 21. Bf1 $1 Qc6 22. Rbc1 {[%cal Rf1c4]} N7b6 {[#]} (22... c3 $16 {was necessary.}) 23. h5 $1 $18 O-O 24. Qh4 Ne7 25. hxg6 fxg6 26. Ng5 $40 {[%csl Gg5][%cal Rh4h7][%mdl 128] White wants a kill.} h6 27. Ne4 Nf5 28. Qg4 Bxe5 29. Bg2 Qe8 (29... Nd5 $16) 30. Bb4 Bxb2 31. Rc2 ({Much less strong is} 31. Bxf8 $6 Kxf8 32. Nd6 Nxd6 $18) (31. Nd6 $18 Nxd6 32. Rxe6) 31... Bg7 $16 32. Bxf8 Kxf8 {[#]} (32... Qxf8 $16 33. Qxg6 Qf7 34. Qxf7+ Kxf7) 33. Nd6 $1 $18 {[%cal Rd6e8][%mdl 512]} Nxd6 (33... Qd7 $142) 34. Qf4+ ({Not} 34. Rxe6 Qd8 $18) 34... Ke7 {Strongly threatening ...Qf7.} 35. Rce2 Qf7 36. Rxe6+ Qxe6 37. Rxe6+ Kxe6 38. Qe3+ Kd7 {Threatens to win with ...c3.} 39. Qxb6 {Hoping for Bh3+.} Bf8 40. Bh3+ Kd8 {intending ...c3.} 41. Be6 ({Worse is} 41. Qxa6 c3 $11) 41... c3 {White must now prevent ...c2.} 42. Bb3 g5 43. Bc2 {Precision: White = 74%, Black = 47%.} 1-0

[Event "Northumbria Masters 2018"]
[Site "Newcastle upon Tyne"]
[Date "2018.02.18"]
[Round "9"]
[White "Haria, Ravi"]
[Black "Vakhidov, Jakhongir"]
[Result "1-0"]
[WhiteElo "2376"]
[BlackElo "2532"]
[Annotator "TA"]
[PlyCount "141"]
[EventDate "2018.??.??"]
[EventCountry "ENG"]
[SourceTitle "playchess.com"]
[Source "ChessBase"]
[SourceQuality "1"]

{[%evp 18,141,42,12,16,10,19,17,20,22,17,14,26,15,47,47,41,12,12,0,17,0,16,16,22,25,34,31,46,27,93,86,109,93,85,77,108,62,70,61,66,79,63,79,62,69,73,64,84,66,89,64,64,66,102,99,99,100,97,99,95,95,91,89,85,88,87,45,46,44,62,59,58,47,47,43,41,14,14,13,18,10,39,47,64,72,60,63,74,82,137,137,194,79,189,191,160,160,431,432,392,362,317,221,250,238,289,242,256,191,94,28,139,22,24,24,24,24,28,24,24,22,32,22,22,14]} 1. Nf3 Nf6 2. g3 g6 3. Bg2 Bg7 4. d4 O-O 5. c4 c5 6. Nc3 cxd4 7. Nxd4 Nc6 8. O-O Qa5 9. e3 d6 10. h3 Bd7 {A39: Symmetrical English vs ...g6: 4 Bg2 Bg7 5 Nf3 Nf6 6 0-0 0-0 7 d4} 11. Qe2 Rac8 (11... Rfc8 12. Rd1 Rab8 13. Bd2 Qe5 14. Nc2 a6 15. Nd5 Nxd5 16. cxd5 Na7 17. Bc3 Qg5 18. Bxg7 Kxg7 {0-1 (44) Ding,L (2764)-Svidler,P (2742) Novi Sad 2016}) 12. Bd2 Qb6 13. Nxc6 Bxc6 14. b3 Bxg2 15. Kxg2 Rfe8 $146 ({Predecessor:} 15... e6 16. Rac1 d5 17. cxd5 Nxd5 18. Nxd5 exd5 {½-½ (44) Romanishin,O (2509)-Dijkhuis,T (2327) Vlissingen 2014}) 16. Rac1 Qc6+ 17. Qf3 Nd7 {[%cal Bf6d7,Bd7c5,Bc5e4][%mdl 32]} 18. Rfd1 Nc5 19. Be1 f5 20. Qd5+ Kh8 21. Ne2 Qa6 22. Rc2 Ne4 23. f3 e6 (23... Nf6 $11 24. Qe6 b6) 24. Qa5 $1 $16 {[%cal Ra5a6] Black must now prevent Qxa6.} Qc6 25. Nd4 Bxd4 26. exd4 b6 27. d5 Qb7 28. Qa3 Nc5 29. dxe6 Rxe6 30. Qb2+ Kg8 {Black wants to play ...Re3.} 31. Qd4 Qg7 32. Qd5 {Hoping for b4.} Qf7 33. Bc3 Nd7 34. Kf2 Rce8 35. Qd4 {[%csl Gc3][%cal Rd4h8]} Qf6 36. Qxf6 Nxf6 37. Rcd2 Rd8 38. Bb4 Ne8 39. g4 fxg4 40. hxg4 Rd7 41. a4 Rf7 42. Re2 ({Much worse is} 42. Bxd6 Ref6 $11) (42. Rd3 {is more complex.} Nf6 43. Kg3 h5 44. g5 Nd7 45. Bxd6 Ne5 46. Re3) 42... Rxe2+ 43. Kxe2 $14 {[%mdl 4096] Endgame KRB-KRN} Re7+ 44. Kf2 Kf7 45. Rd5 Rd7 46. a5 bxa5 47. Rxa5 Rb7 48. Bd2 Ke6 49. b4 Nf6 50. Ra6 Ne8 51. b5 Nc7 52. Rc6 Kd7 53. Bf4 Ne8 (53... Rb6 $142) 54. Ra6 $16 Rc7 (54... h5 $16 55. Be3 hxg4) 55. Ra4 (55. Be3 $18) 55... Kc8 (55... Rb7 $16) 56. Be3 $18 Kb8 57. c5 dxc5 $2 (57... Rb7 $16) 58. Bf4 Kb7 {And now ...Rf7 would win.} 59. Bxc7 Nxc7 {KR-KN} 60. Ra1 Nxb5 61. Ke3 h5 62. gxh5 gxh5 63. Rh1 Kc6 {[#]} 64. Rxh5 ({White should play} 64. f4 $1 $16) 64... a5 $1 $11 {[#]} 65. Rh6+ (65. Ke4 $1 $16) 65... Kd5 66. Ra6 Nd6 67. Kd3 Nc4 68. f4 {[%cal Bf3f4,Bf4f5][%mdl 32]} a4 69. Kc3 a3 70. Ra4 Nd6 71. f5 {[%mdl 32768] Precision: White = 59%, Black = 56%. . Loss on Time!?} 1-0

[Event "Northumbria Masters 2018"]
[Site "Newcastle upon Tyne"]
[Date "2018.02.18"]
[Round "9"]
[White "Muir, Andrew J"]
[Black "Greet, Andrew N"]
[Result "0-1"]
[WhiteElo "2286"]
[BlackElo "2458"]
[Annotator "TA"]
[PlyCount "96"]
[EventDate "2018.??.??"]
[EventCountry "ENG"]
[SourceTitle "playchess.com"]
[Source "ChessBase"]
[SourceQuality "1"]

{[%evp 9,96,-4,2,-14,-7,-35,-30,-29,0,-10,-8,1,14,23,13,22,31,27,24,30,18,5,70,-13,-8,0,0,0,0,0,0,0,0,0,0,-7,0,0,0,-13,-14,-25,-25,-28,0,0,0,0,0,0,0,0,0,-16,-16,-16,-16,-19,-13,-31,-2,-2,-3,-10,-18,-182,-84,-179,-183,-462,-462,-553,-543,-500,-514,-29966,-29967,-29963,-29962,-29973,-29974,-29978,-29979,-29982,-29983,-29994,-29995,-29995,-29996]} 1. d4 Nf6 2. c4 e6 3. Nc3 Bb4 4. e3 d5 5. Bd3 e5 (5... O-O 6. Nf3 c5 7. O-O Nc6 8. cxd5 exd5 9. dxc5 Bxc5 10. b3 Qe7 11. Bb2 Rd8 12. Rc1 Bg4 13. Be2 d4 14. Nxd4 Bxd4 15. exd4 Rxd4 16. Qc2 Rad8 17. Bxg4 Nxg4 {½-½ (38) Solak,D (2626)-Vocaturo,D (2607) Heraklio 2017}) 6. cxd5 {E40: Nimzo-Indian: Rubinstein (4 e3): Unusual Black 4th moves} Qxd5 7. f3 $146 ({Predecessor:} 7. dxe5 Bxc3+ 8. bxc3 Qxe5 9. Bb2 Bg4 10. Nf3 Qe7 11. O-O Nbd7 12. Be2 O-O 13. c4 {½-½ (94) Gavasheli,A (2219)-Georgiev,V (2518) Izmir 2006}) 7... exd4 8. exd4 {Black has an edge.} O-O 9. Nge2 Bf5 10. O-O Bxc3 (10... Qe6 {keeps more tension.} 11. Bg5 Nc6 12. Bb5 Nd5 13. Re1 Rfe8) 11. bxc3 Bxd3 12. Qxd3 Nc6 13. Bf4 Qd7 14. c4 Rfe8 15. Rad1 Na5 (15... Rad8 $11) 16. Bd2 (16. Ng3 $14) 16... Qa4 $11 17. Bxa5 Qxa5 18. Nc3 Re7 19. Rfe1 Rae8 20. Rxe7 Rxe7 21. g3 h5 22. Kg2 g6 23. h4 b6 24. Rd2 Re1 25. Kf2 Rc1 26. Rc2 $1 {[%cal Rc2c1]} Rxc2+ 27. Qxc2 c6 28. Ne4 Nd7 29. Kg2 c5 30. dxc5 Nxc5 31. Nxc5 (31. Nf6+ {seems wilder.} Kf8 32. Nd5 Qa3 33. Qd2 Kg8 34. Nf6+) 31... Qxc5 {[%mdl 4096] Endgame KQ-KQ} 32. Qd3 Qe5 33. Qc2 Kg7 34. a4 a5 35. f4 Qc5 36. Qc3+ Kg8 {...Qc6+ is the strong threat.} 37. Qd3 $2 {[#]} (37. Qb3 $11) 37... Qc6+ $19 38. Kh2 (38. Qd5 $17 Qxa4 39. Qd8+ Kh7 40. Qd5) 38... Qxa4 39. Qd8+ $2 (39. f5) 39... Kh7 40. Qxb6 Qc2+ 41. Kg1 a4 42. Qc7 {[#]} (42. Qa7 $19 Qxc4 43. f5) 42... Qc1+ {Black mates.} 43. Kf2 Qb2+ 44. Kf3 Kg7 45. c5 a3 46. c6 a2 47. Qb7 Qc3+ 48. Kg2 a1=Q {Precision: White = 31%, Black = 66%.} 0-1

[Event "Northumbria Masters 2018"]
[Site "Newcastle upon Tyne"]
[Date "2018.02.18"]
[Round "9"]
[White "Berry, Neil"]
[Black "Donchenko, Alexander"]
[Result "0-1"]
[WhiteElo "2267"]
[BlackElo "2583"]
[Annotator "TA"]
[PlyCount "87"]
[EventDate "2018.??.??"]
[EventCountry "ENG"]
[SourceTitle "playchess.com"]
[Source "ChessBase"]
[SourceQuality "1"]

{[%evp 23,87,0,0,0,0,0,0,0,0,0,0,-72,-81,-74,0,-11,-14,-10,-11,-74,-73,-78,-63,-82,-63,-65,-65,-65,-65,-65,-64,-67,-57,-67,-64,-75,-104,-118,-67,-117,-95,-106,-100,-105,-111,-98,-62,-75,-76,-210,-127,-120,-77,-77,-77,-77,-78,-79,-79,-207,-204,-416,-409,-359,-347,-349]} 1. d4 Nf6 2. c4 e6 3. g3 c5 4. d5 exd5 5. cxd5 d6 6. Nc3 g6 7. Bg2 Bg7 8. Nf3 O-O 9. O-O Re8 10. Bf4 Bf5 {A62: Modern Benoni: Fianchetto Variation without early ...Nbd7} 11. Nh4 (11. Bg5 h6 12. Bxf6 Bxf6 13. Nd2 Bc8 14. Nc4 Bxc3 15. bxc3 b5 16. Nd2 Nd7 17. Re1 a5 18. Qc2 {½-½ (29) Tomashevsky,E (2702)-Svidler,P (2763) Palma de Mallorca 2017}) 11... Bg4 12. h3 Nh5 {LiveBook: 4 Games. The position is equal.} 13. hxg4 Nxf4 14. gxf4 {[#] And now g5 would win.} Qxh4 15. e3 Bxc3 16. bxc3 Nd7 17. Rb1 $146 {[#]} (17. Bf3 $11) ({Find the theoretical novelty and annotate with similar games:} 17. Bf3 Qh3 18. Bg2 {½-½ (20) Markoja,B (2428)-Heimann,A (2578) Balatonszarszo 2017}) 17... Nf6 $1 $17 {[%cal Rf6g4]} 18. Qf3 Nxg4 (18... Rab8 $17) 19. Qh3 $1 $11 {[%cal Rh3h4]} Qxh3 20. Bxh3 Nf6 21. c4 (21. Rxb7 $11 {remains equal.} Nxd5 22. c4) 21... Re7 22. Rb2 h6 23. Rfb1 Rb8 24. a4 Kf8 25. a5 Ke8 26. Kf1 Kd8 27. Ke2 Kc7 28. Kd3 Ree8 29. Rh1 b6 30. Bg2 h5 ({Better is} 30... bxa5 $17 31. Ra2 Ng4) 31. Ra1 a6 {[%cal Ba7a6,Ba6a5][%mdl 32]} 32. axb6+ Rxb6 33. Rxb6 Kxb6 $17 {[%mdl 4096] Endgame KRB-KRN} 34. e4 h4 {[%cal Bh5h4,Bh4h3][%mdl 32]} 35. Bf3 h3 36. Re1 (36. Rh1 $17) 36... a5 37. e5 dxe5 38. fxe5 {Threatening Rb1+.} Nd7 39. e6 fxe6 40. dxe6 Kc7 41. Kc3 (41. Re4 $17 Nf6 42. Rh4) 41... Nf6 $19 42. Kb3 $2 (42. Rg1 {is a better defense.}) 42... g5 {[%cal Bg6g5,Bg5g4][%mdl 32]} 43. Ka4 g4 44. Bh1 {Precision: White = 52%, Black = 82%.} 0-1

[Event "Northumbria Masters 2018"]
[Site "Newcastle upon Tyne"]
[Date "2018.02.18"]
[Round "9"]
[White "Kanakova, Natalie"]
[Black "Raetsky, Alexander"]
[Result "1/2-1/2"]
[WhiteElo "2245"]
[BlackElo "2362"]
[Annotator "TA"]
[PlyCount "64"]
[EventDate "2018.??.??"]
[EventCountry "ENG"]
[SourceTitle "playchess.com"]
[Source "ChessBase"]
[SourceQuality "1"]

{[%evp 21,64,-10,-3,-12,-25,-10,-16,-61,-70,-72,-73,-66,-78,-83,-35,-43,-32,-92,-66,-88,-94,-71,-30,-45,-25,-79,-31,-38,-38,-40,-29,-45,0,0,20,23,67,47,82,77,69,69,69,54,47]} 1. e4 c5 2. Nf3 Nc6 3. d4 cxd4 4. Nxd4 Nf6 5. Nc3 e6 6. Ndb5 Bc5 7. Bf4 O-O {B45: Sicilian Four Knights} 8. Bc7 Qe7 9. Bd6 Bxd6 10. Qxd6 Qd8 11. Qc7 (11. O-O-O a6 12. Nd4 Qb6 13. e5 Ng4 14. Nxc6 bxc6 15. Bd3 {½-½ (66) Jakovenko,D (2730)-Pridorozhni,A (2571) Khanty-Mansiysk 2017}) 11... d5 {[#] LiveBook: 4 Games. Strongly threatening ...a6.} 12. Qxd8 Rxd8 13. exd5 $1 exd5 {...a6 is the strong threat.} 14. Bd3 a6 15. Na3 $1 ({Not} 15. Nc7 $2 Ra7 $19) 15... b5 $146 {[#] White must now prevent ...b4.} 16. Ne2 d4 17. O-O Ra7 18. Nb1 Ne5 19. Rd1 ({Better is} 19. Nd2 $15) 19... Re7 20. Ng3 Nxd3 21. cxd3 Nd5 22. Nd2 Nf4 23. Nde4 (23. Nb3 $11) 23... Rc7 24. b4 Bb7 25. Rd2 $1 g6 26. f3 Nd5 27. a3 Bc8 28. Ne2 Ne3 29. Kf2 Nf5 30. Rc1 Rxc1 31. Nxc1 h5 32. Rc2 Ne3 {Precision: White = 51%, Black = 62%.} 1/2-1/2